000 00612nam a2200217Ii 4500
003 JO-AjNU
008 230606s9999||||xx |||||||||||||| ||und||
020 _a978-81-906650-2-5
040 _aJO-AjNU
_beng
_erda
_cJO-AjNU
041 _aeng
050 1 4 _aPR33 2008
100 3 _aSingh ,naval kishore,
_eauthor
_92497
245 0 4 _aThe Great Indian Novelists On English Literature
250 _a1 ed
264 3 1 _aDelhi :manglampublication ,2008
300 _a266p
336 _atext
_btxt
_2rdacontent
337 _aunmediated
_bn
_2rdamedia
338 _avolume
_bnc
_2rdacarrier
650 4 _aNovels
_92498
999 _aE1307
_c1307
_d1307